Vývojové trendy v medzinárodnej distribúcii diplomová práca

Gespeichert in:
Bibliographische Detailangaben
1. Verfasser: Szabóová, Henrieta
Körperschaft: Obchodná fakulta EU. Katedra marketingu
Weitere Verfasser: Matušovičová, Monika, 1967-
Format: Buch
Sprache:Slowakisch
Veröffentlicht: Bratislava 2012
Tags: Tag hinzufügen
Keine Tags, Fügen Sie das erste Tag hinzu!

MARC

LEADER 00000nbm a2200000 4500
001 0161416
005 20161228150223.8
041 0 |a slo 
044 |a SK 
245 1 0 |a Vývojové trendy v medzinárodnej distribúcii  |b diplomová práca  |c Henrieta Szabóová ; školiteľ: Monika Matušovičová 
264 1 |a Bratislava  |c 2012 
300 |a 69 s. 
100 1 |a Szabóová, Henrieta 
700 1 |a Matušovičová, Monika, 1967- 
710 2 |a Obchodná fakulta EU. Katedra marketingu